Регионална библиотека "Любен Каравелов" - Русе

Организация, организационна структура на управлението (Запис номер 369996)

MARC детайли
000 -Лидер
Контролно поле с фиксирана дължина nam a22 7a 4500
003 - Код на организацията, давaща контролен номер
Контролно поле BLK
005 - Дата и час на последна редакция
Контролно поле 20200622121437.0
008 - Елементи от данни с фиксирана дължина
fixed length control field 200622b bu ||||| |||| 00| 0 bu d
040 ## - Източник на каталожния запис
Идентификатор на билиотеката - собственик на записа BLK
041 ## - Код за език
Код за езика на текст/звукозапис или на отделно заглавие Български
Код за езика КДБФ Български
080 ## - УДК
Текстов определител УДК Организационни форми. Гъвкавост и неподвижност. Вж и 65.014
УДК код - определител по УДК 65.014
УДК - код + определител 65.014
100 ## - Редна дума - Автор
R(LIN) 250289
Автор Николов, Никола Стефанов
Авторска отговорност първи автор
139 ## - Редно поле
Редна дума Николов, Никола Стефанов
Авторски знак Николо - Н 74
245 ## - Сведения за заглавието
Заглавие Организация, организационна структура на управлението
Подзаглавни данни [Моногр.]
Редно поле (дума) Никола Николов
260 ## - Област на издателските данни
9 (RLIN) 215338
Място на издаване, разпространение и проч. София
Име на издателя, разпространителя и проч. Инст. за соц. управл. при ЦК на БКП
Година на издаване 1982
300 ## - Физическа характеристика
Страници 149 с.
Илюстрации и др. със сх., табл.
Размери/Мащаб 21 см
380 ## - Жанр
Жанр Техника
650 #7 - Допълнително описание по предмет – тема
9 (RLIN) 174810
Основно описание – тема или топоним Управление и организация - социалистическо общество
852 ## - Местоположение
Форматна сигнатура Цб 120147
Фондова буква Хранилище
999 ## - СИСТЕМНИ КОНТРОЛНИ НОМЕРА
Koha biblionumber 369996
Koha biblioitemnumber 369996
942 ## - АРТИКУЛИ
Вид на библиотечния материал Книги
Скрит в OPAC Не
Периодичен библиозапис Да
944 ## - СЪЗДАВАНЕ И РЕДАКЦИЯ на ЗАПИСА
Създаване/Редакция Създаване
Дата на регистрацията/редакция 2020-06-22
Служител, извършил регистрацията/редакцията Василка Ганчева
Наличности
Код за отписване Код за изгубен артикул Източник на класификационната схема Код за повреда Код за отдаване Артикулен № Име на библиотеката - собственик Име на библиотеката, в която се намира в момента Статус (Текущо местоположение) Дата на вписване в системата Местоположение - отдел Цена в лева Инвентарен номер Систематично азбучна сигнатура Баркод Цена в евро Служебен тип на артикула
  Не е изгубен Universal Decimal Classification Не е повреден ползва се в читалня 777858 Регионална библиотека "Любен Каравелов" Русе Регионална библиотека "Любен Каравелов" Русе Хранилище 2020-06-23 Хранилище 0.55 372671 Цб 120147 900000010932 0.28 Книги
Vip Innovations Ltd, Rousse, Bulgaria 2025